000 00660nam a22001935i 4500
001 171951
003 ES-MaACL
005 20230906214757.0
008 090609s1973 sp |||| | spa d
080 _a543.061:546(075.8)
080 _a546:543.061(075.8)
100 1 _aSorum, C. H.
_9140565
245 1 0 _aIntroducción al análisis cualitativo semimicro /
_cC. H. Sorum ; traducción y adaptación Dr. Juan A. Garbarino.
260 _aMadrid :
_bPrentice Hall Internacional,
_c[1973]
300 _aXV, 256 p. ;
_c24 cm.
650 4 _aAnálisis químico cualitativo.
_99776
700 1 _aGarbarino, Juan A.
_953949
852 _aES-MaACL
_jE-7518
_9R.91823
999 _c171951
_d171951